Cartoons, Movies, Comics, Books and Anime - Pick Non-Japanese Works - Statistics

General Stats
  • This quiz has been taken 62 times
    46 since last reset
  • The average score is 15 of 20
Answers on the Grid
Answers color-coded by a green-red scale on the quiz's grid according to % correct below.
The Powerpuff Girls
The Irregular at Magic High School
Toradora!
Tintin
The Smurfs
Bleach
Pleasant Goat and Big Big Wolf
Phineas and Ferb
The Disastrous Life of Saiki K
Crayon Shin Chan
Diary of a Wimpy Kid
Ninja Hattori
Clannad
Bang Dream!
Dora the Explorer
Kaguya-sama: Love is War
Chip n Dale: Rescue Rangers
Demon Slayer
Tom and Jerry
Teenage Mutant Ninja Turtles
Hunter x Hunter
Garfield
Winnie the Pooh
How to Train Your Dragon
Gintama
Despicable Me
Jojo's Bizarre Adventure
The Incredibles
Shugo Chara
Old Master Q
Strike the Blood
Eromanga-sensei
Dexter's Laboratory
Beatless
Animaniacs
Ice Age
Angel Beats
Grave of the Fireflies
Mcdull
Future Card Buddyfight
 
Answer Stats
Answer % Correct
Chip n Dale: Rescue Rangers
91%
The Smurfs
91%
Despicable Me
88%
Dora the Explorer
88%
The Powerpuff Girls
88%
Garfield
85%
How to Train Your Dragon
85%
Phineas and Ferb
85%
Teenage Mutant Ninja Turtles
85%
Tom and Jerry
85%
Winnie the Pooh
85%
Dexter's Laboratory
82%
Diary of a Wimpy Kid
82%
Ice Age
82%
The Incredibles
82%
Animaniacs
65%
Tintin
65%
Pleasant Goat and Big Big Wolf
50%
Mcdull
35%
Old Master Q
21%
No matching quizzes found
Score Distribution
Percent of People with Each Score
Percentile by Number Answered
Your Score History
You have not taken this quiz since the last reset